书目信息 |
| 题名: |
马克思主义党学
|
|
| 作者: | 赵云献 著 | |
| 分册: | ||
| 出版信息: | 南宁 广西人民出版社 1987 |
|
| 页数: | 425页 | |
| 开本: | 20cm | |
| 丛书名: | ||
| 单 册: | ||
| 中图分类: | D053 , D20 | |
| 科图分类: | ||
| 主题词: | 马列主义党--理论 , 中国共产党 | |
| 电子资源: | ||
| ISBN: | 7-219-00334-X | |
| 000 | 00659nam0 2200253 45 | |
| 001 | 0187000541 | |
| 005 | 20040429105840.9 | |
| 010 | @a7-219-00334-X@dCNY2.75 | |
| 100 | @a19931104d1987 kemy0chiy0121 ea | |
| 101 | 0 | @achi |
| 102 | @aCN@b450000 | |
| 105 | @ay z 000dy | |
| 106 | @ar | |
| 200 | 10 | @a马克思主义党学@Ama ke si zhu yi dang xue@f赵云献著 |
| 210 | @a南宁@c广西人民出版社@d1987 | |
| 215 | @a425页@d20cm | |
| 606 | @a马列主义党@x理论 | |
| 606 | 0 | @a中国共产党 |
| 690 | @aD053@v3 | |
| 690 | @aD20 | |
| 701 | 0 | @a赵云献@Azhao yun xian@4著 |
| 801 | 0 | @aCN@b深圳图书馆@c20040429 |
| 801 | 2 | @aCN@bNLC@c20040429 |
| 905 | @f1@b202520@dD20@e39 | |
| 马克思主义党学/赵云献著.-南宁:广西人民出版社,1987 |
| 425页;20cm |
| ISBN 7-219-00334-X:CNY2.75 |
| ● |
| 相关链接 |
|
|
|
|
正题名:马克思主义党学
索取号:D20/39
 
预约/预借
| 序号 | 登录号 | 条形码 | 馆藏地/架位号 | 状态 | 备注 |
| 1 | 0202520 | 001010033 | 第一借阅区/ [索取号:D20/39] | 在馆 | |
| 2 | 0202521 | 001835900 | 密集书库/ [索取号:D20/39] | 在馆 | |
| 3 | 0202522 | 001010024 | 第一样本阅览室/ [索取号:D20/39] | 在馆 |